000 00606nam a2200133 a 4500
008 090818s2008 ||||||||||||||||| || u
050 _aTHESIS/MBA
100 _aKalota, Rodney Chola
245 1 0 _aSupplier development in the Mining Industry: a case of Konkola Copper Mines plc
_cSupervised by Prof. J. M. Tembo
260 _aKitwe
_bCopperbelt University, School of Business, Postgraduate Deartment
_c2008
350 _a0.00
650 0 _aBUSINESS
995 _D0.00
_FCBU-MAIN LIBRARY (Kitwe)
_H1
_I0.00
_M1
_UAVAILABLE
_WAug 18, 2009
_ZUniversity Collection
999 _c59124
_d59124